<?xml version="1.0" encoding="UTF-8"?>
<record
    xmlns:xsi="http://www.w3.org/2001/XMLSchema-instance"
    xsi:schemaLocation="http://www.loc.gov/MARC21/slim http://www.loc.gov/standards/marcxml/schema/MARC21slim.xsd"
    xmlns="http://www.loc.gov/MARC21/slim">

  <leader>05439nam a22003615a 4500</leader>
  <controlfield tag="001">12537381</controlfield>
  <controlfield tag="005">20180118130528.0</controlfield>
  <controlfield tag="008">140508s2012    nyua   frb    001 0 eng d</controlfield>
  <datafield tag="020" ind1=" " ind2=" ">
    <subfield code="a">1259009327</subfield>
  </datafield>
  <datafield tag="020" ind1=" " ind2=" ">
    <subfield code="a">9781259009327</subfield>
  </datafield>
  <datafield tag="040" ind1=" " ind2=" ">
    <subfield code="a">EG-ScBUE</subfield>
    <subfield code="b">eng</subfield>
    <subfield code="c">EG-ScBUE</subfield>
  </datafield>
  <datafield tag="082" ind1="0" ind2="4">
    <subfield code="a">615.1</subfield>
    <subfield code="b">BAS</subfield>
    <subfield code="2">22</subfield>
  </datafield>
  <datafield tag="245" ind1="0" ind2="0">
    <subfield code="a">Basic &amp; clinical pharmacology /</subfield>
    <subfield code="c">edited by Bertram G. Katzung, Susan B. Masters, Anthony J. Trevor.</subfield>
  </datafield>
  <datafield tag="246" ind1="3" ind2=" ">
    <subfield code="a">Basic and clinical pharmacology</subfield>
  </datafield>
  <datafield tag="246" ind1="3" ind2="0">
    <subfield code="a">Pharmacology</subfield>
  </datafield>
  <datafield tag="250" ind1=" " ind2=" ">
    <subfield code="a">12th ed., International ed.</subfield>
  </datafield>
  <datafield tag="260" ind1=" " ind2=" ">
    <subfield code="a">New York :</subfield>
    <subfield code="b">McGraw-Hill Meadical,</subfield>
    <subfield code="c">2012.</subfield>
  </datafield>
  <datafield tag="300" ind1=" " ind2=" ">
    <subfield code="a">xiii, 1229 p. :</subfield>
    <subfield code="b">ill. (col.) ;</subfield>
    <subfield code="c">28 cm.</subfield>
  </datafield>
  <datafield tag="490" ind1="0" ind2=" ">
    <subfield code="a">Lange medical book</subfield>
  </datafield>
  <datafield tag="500" ind1=" " ind2=" ">
    <subfield code="a">Index : p. 1171-1229.</subfield>
  </datafield>
  <datafield tag="500" ind1=" " ind2=" ">
    <subfield code="a">Previous editions copyright &#xFFFD; 2010, 2009, 2007, 2004, 2001 by McGraw-Hill Companies, Inc.; copyright &#xFFFD; 1998, 1995, 1992, 1989, 1987 by Appleton &amp; Lange; copyright &#xFFFD; 1984, 1982 by Lange Medical Publications.</subfield>
  </datafield>
  <datafield tag="504" ind1=" " ind2=" ">
    <subfield code="a">Includes bibliographical references.</subfield>
  </datafield>
  <datafield tag="505" ind1="0" ind2=" ">
    <subfield code="a">Section I. Basic principles -- Chapter 1. Introduction -- Chapter 2. Drug receptors &amp; pharmacodynamics -- Chapter 3. Pharmacokinetics &amp; pharmacodynamics: rational dosing &amp; the time course of drug action -- Chapter 4. Drug biotransformation -- Chapter 5. Development &amp; regulation of drugs -- Section II. Autonomic drugs -- Chapter 6. Introduction to autonomic pharmacology -- Chapter 7. Cholinoceptor-activating &amp; cholinesterase-inhibiting drugs -- Chapter 8. Cholinoceptor-blocking drugs -- Chapter 9. Adrenoceptor agonists &amp; sympathomimetic drugs -- Chapter 10. Adrenoceptor antagonist drugs -- Section III. Cardiovascular-renal drugs -- Chapter 11. Antihypertensive agents -- Chapter 12. Vasodilators &amp; the treatment of angina pectoris -- Chapter 13. Drugs used in heart failure -- Chapter 14. Agents used in cardiac arrhythmias -- Chapter 15. Diuretic agents -- Section IV. Drugs with important actions on smooth muscle -- Chapter 16. Histamine, serotonin, &amp; the ergot alkaloids -- Chapter 17. Vasoactive peptides -- Chapter 18. The eicosanoids: prostaglandins, thromboxanes, leukotrienes, &amp; related compounds -- Chapter 19. Nitric oxide -- Chapter 20. Drugs used in asthma -- Section V. Drugs that act in the central nervous system -- Chapter 21. Introduction to the pharmacology of cns drugs -- Chapter 22. Sedative-hypnotic drugs -- Chapter 23. The alcohols -- Chapter 24. Antiseizure drugs -- Chapter 25. General anesthetics -- Chapter 26. Local anesthetics -- Chapter 27. Skeletal muscle relaxants -- Chapter 28. Pharmacologic management of parkinsonism &amp; other movement disorders -- Chapter 29. Antipsychotic agents &amp; lithium -- Chapter 30. Antidepressant agents -- Chapter 31. Opioid analgesics &amp; antagonists -- Chapter 32. Drugs of abuse -- Section VI. Drugs used to treat diseases of the blood, inflammation, &amp; gout -- Chapter 33. Agents used in anemias; hematopoietic growth factors -- Chapter 34. Drugs used in disorders of coagulation -- Chapter 35. Agents used in dyslipidemia -- Chapter 36. Nonsteroidal anti-inflammatory drugs, disease-modifying antirheumatic drugs, nonopioid analgesics, &amp; drugs used in gout -- Section VII. Endocrine drugs -- Chapter 37. Hypothalamic &amp; pituitary hormones -- Chapter 38. Thyroid &amp; antithyroid drugs -- Chapter 39. Adrenocorticosteroids &amp; adrenocortical antagonists -- Chapter 40. The gonadal hormones &amp; inhibitors -- Chapter 41. Pancreatic hormones &amp; antidiabetic drugs -- Chapter 42. Agents that affect bone mineral homeostasis -- Section VIII. Chemotherapeutic drugs -- Overview. Chemotherapeutic drugs -- Chapter 43. Beta-lactam &amp; other cell wall- &amp; membrane-active antibiotics -- Chapter 44. Tetracyclines, macrolides, clindamycin, chloramphenicol, streptogramins, &amp; oxazolidinones -- Chapter 45. Aminoglycosides &amp; spectinomycin -- Chapter 46. Sulfonamides, trimethoprim, &amp; quinolones -- Chapter 47. Antimycobacterial drugs -- Chapter 48. Antifungal agents -- Chapter 49. Antiviral agents -- Chapter 50. Miscellaneous antimicrobial agents; disinfectants, antiseptics, &amp; sterilants -- Chapter 51. Clinical use of antimicrobial agents -- Chapter 52. Antiprotozoal drugs -- Chapter 53. Clinical pharmacology of the antihelminthic drugs -- Chapter 54. Cancer chemotherapy -- Chapter 55. Immunopharmacology -- Section IX. Toxicology -- Chapter 56. Introduction to toxicology: occupational &amp; environmental -- Chapter 57. Heavy metal intoxication &amp; chelators -- Chapter 58. Management of the poisoned patient -- Section X. Special topics -- Chapter 59. Special aspects of perinatal &amp; pediatric pharmacology -- Chapter 60. Special aspects of geriatric pharmacology -- Chapter 61. Dermatologic pharmacology -- Chapter 62. Drugs used in the treatment of gastrointestinal diseases -- Chapter 63. Therapeutic &amp; toxic potential of over-the-counter agents -- Chapter 64. Dietary supplements &amp; herbal medications* -- Chapter 65. Rational prescribing &amp; prescription writing -- Chapter 66. Important drug interactions &amp; their mechanisms -- Vaccines, immune globulins, &amp; other complex biologic products -- Schedule of controlled drugs.</subfield>
  </datafield>
  <datafield tag="650" ind1=" " ind2="7">
    <subfield code="a">Clinical pharmacology.</subfield>
    <subfield code="2">BUEsh</subfield>
    <subfield code="9">38454</subfield>
  </datafield>
  <datafield tag="650" ind1=" " ind2="7">
    <subfield code="a">Pharmacology.</subfield>
    <subfield code="2">BUEsh</subfield>
    <subfield code="9">12590</subfield>
  </datafield>
  <datafield tag="651" ind1=" " ind2=" ">
    <subfield code="2">BUEsh</subfield>
  </datafield>
  <datafield tag="653" ind1=" " ind2=" ">
    <subfield code="b">PPhrm</subfield>
    <subfield code="c">September2015</subfield>
  </datafield>
  <datafield tag="655" ind1=" " ind2=" ">
    <subfield code="v">Reading book</subfield>
    <subfield code="9">34232</subfield>
  </datafield>
  <datafield tag="700" ind1="1" ind2=" ">
    <subfield code="a">Katzung, Bertram G.,</subfield>
    <subfield code="e">editor.</subfield>
  </datafield>
  <datafield tag="700" ind1="1" ind2=" ">
    <subfield code="a">Masters, Susan B.,</subfield>
    <subfield code="e">editor.</subfield>
  </datafield>
  <datafield tag="700" ind1="1" ind2=" ">
    <subfield code="a">Trevor, Anthony J.,</subfield>
    <subfield code="e">editor.</subfield>
  </datafield>
  <datafield tag="942" ind1=" " ind2=" ">
    <subfield code="2">ddc</subfield>
    <subfield code="k">615.1 BAS</subfield>
  </datafield>
  <datafield tag="999" ind1=" " ind2=" ">
    <subfield code="c">20873</subfield>
    <subfield code="d">20845</subfield>
  </datafield>
  <datafield tag="952" ind1=" " ind2=" ">
    <subfield code="0">0</subfield>
    <subfield code="1">0</subfield>
    <subfield code="2">ddc</subfield>
    <subfield code="4">0</subfield>
    <subfield code="7">0</subfield>
    <subfield code="8">Baccah</subfield>
    <subfield code="a">MAIN</subfield>
    <subfield code="b">MAIN</subfield>
    <subfield code="c">1ST</subfield>
    <subfield code="d">2015-09-29</subfield>
    <subfield code="e">Purchase</subfield>
    <subfield code="l">4</subfield>
    <subfield code="m">19</subfield>
    <subfield code="o">615.1 BAS</subfield>
    <subfield code="p">000030985</subfield>
    <subfield code="r">2025-07-15 00:00:00</subfield>
    <subfield code="s">2016-09-28</subfield>
    <subfield code="y">BB</subfield>
  </datafield>
</record>
